My treasury of nursery rhymes. (Record no. 112577)
[ view plain ]
| 000 -LEADER | |
|---|---|
| fixed length control field | 00242nam a2200097 a 4500 |
| 005 - DATE AND TIME OF LATEST TRANSACTION | |
| control field | 20140414131940.0 |
| 008 - FIXED-LENGTH DATA ELEMENTS--GENERAL INFORMATION | |
| fixed length control field | 110126s19uu xx 00 eng d |
| 050 ## - LIBRARY OF CONGRESS CALL NUMBER | |
| Classification number | M 398.8 |
| Item number | M99 2008 |
| 245 ## - TITLE STATEMENT | |
| Title | My treasury of nursery rhymes. |
| Withdrawn status | Lost status | Damaged status | Home library | Current library | Shelving location | Date acquired | Total Checkouts | Full call number | Barcode | Date last seen | Price effective from | Koha item type |
|---|---|---|---|---|---|---|---|---|---|---|---|---|
| Munich Library | Munich Library | Main Section | 01/26/2011 | M 398.8 M99 2008 | M3918 | 04/14/2014 | 04/14/2014 | Books |